000
00226 a2200097 4500
001
21272
100
_a
Savant, C J
245
_a
Fundamentals of the laplace transformation
260
_a
_b
McGraw-Hill
_c
090
_c
15069
_d
15069
942
_a
NUST-CAE
_c
M
_c
5635
999
_c
256345
_d
256345